Avrupa'daki Türklerin Türkkiye-Avrupa Birliği (Record no. 1302)

MARC details
000 -BAŞLIK
Sabit Uzunlukta Kontrol Alanı 00845na a2200265 4500
001 - KONTROL NUMARASI
Denetim Alanı 19967
003 - KONTROL NUMARASI IDENTIFIER
Denetim Alanı MIRAKIL
005 - SON İŞLEM TARİHİ VE ZAMANI
Denetim Alanı 20181213154818.0
008 - SABİT-BOY VERİ ELEMANLARI - GENEL BİLGİLER
Sabit Uzunlukta Kontrol Alanı 161229b tu 000 0
020 ## - ULUSLARARASI STANDART KİTAP NUMARASI
Uluslararası Standart Kitap Numarası 9077814043
040 ## - KATALOGLAMA KAYNAK
Orijinal Kataloglama Ajansı Milas
Kataloglama Dili tur
Metne Dönüştürmek Ajansı TR-AnCHP
041 ## - DİL KODU
Metin / Ses Parça Veya Ayrı Başlığın Dil Kodu tur
082 ## - DEWEY ONLU SINIFLANDIRMA NUMARASI
Sınıflandırma Numarası 327.56104
Ürün Numarası K91 2006
090 ## - SINIFLAMA NUMARASI
Sınıflama Numarası 327.56104 K91 2006
100 ## - ANA GİRİŞ - KİŞİSEL İSİM
Kişisel Ad Küçükcan, Talip
245 ## - BAŞLIK TABLOSU
Başlık Avrupa'daki Türklerin Türkkiye-Avrupa Birliği
Sorumluluk Tablosu, Vb Talip Küçükcan, Veyis Güngör, Hüseyin Kocabıyık
260 ## - YAYIN, DAĞITIM, VB
Yayın, Dağıtım, Vb Yeri Amsterdam
Yayıncı, Dağıtıcı, Vs Adı Türkevi Araştırmalar Merkezi
Yayın, Dağıtım, Vb Tarihi 2006
300 ## - FİZİKSEL TANIM
Kapsam 116 s.
Diğer Fiziksel Ayrıntıları tbl.
Boyutlar 22 sm.
650 ## - KONU KATMA GİRİŞ - TOPİKAL DÖNEM
Topikal Süreli Veya Coğrafi Ad Giriş Elemanı Uluslararası ilişkiler
Coğrafi Alt Bölümü Türkiye
650 ## - KONU KATMA GİRİŞ - TOPİKAL DÖNEM
Topikal Süreli Veya Coğrafi Ad Giriş Elemanı Uluslararası ilişkiler
Coğrafi Alt Bölümü Avrupa Birliği
650 ## - KONU KATMA GİRİŞ - TOPİKAL DÖNEM
Topikal Süreli Veya Coğrafi Ad Giriş Elemanı Avrupa ve Türkler
Genel Alt Bölümü Avrupa Birliği
700 ## - KATMA GİRİŞ - KİŞİSEL İSİM
Kişisel Ad Kocabıyık, Hüseyin
700 ## - KATMA GİRİŞ - KİŞİSEL İSİM
Kişisel Ad Güngör, Veyis
942 ## - EKLENDİ GİRİŞ ELEMANLARI (KOHA)
Sınıflandırma Veya Raf Düzeni Kaynak
Koha Öğesi Türü Books
999 ## - SİSTEM KONTROL NUMARALARI (KOHA)
Koha Biblionumber 1302
Koha Biblioitemnumber 1302
Holdings
Kalıcı Konum Mevcut Konum Edinme Tarihi Edinim Kaynak Toplam Check-Out'Lar Tam Çağrı Numarası Barkod Tarih Son Görülme İtibaren Geçerli Fiyatlar Koha Öğesi Türü
CHP Kütüphanesi CHP Kütüphanesi 12/29/2016 Bağış   327.56104 K91 2006 010901 12/29/2016 12/29/2016 Books